000 00205 a2200097 4500
001 53342
100 _aSchuon, F
245 _aUnderstantinin Islam
260 _aIndia
_bVikas Pub
_c
090 _c33590
_d33590
942 _aNUST-CAE
_c
_c26214
999 _c288415
_d288415